Ecología y Fisiología vegetal (Record no. 87423)

MARC details
000 -LEADER
campo de control de longitud fija 00824nam a2200181 i 4500
001 - NÚMERO DE CONTROL
campo de control 87423
003 - IDENTIFICADOR DE NÚMERO DE CONTROL
campo de control ES-MaACL
005 - FECHA Y HORA DE LA ÚLTIMA TRANSACCIÓN
campo de control 20230906175652.0
007 - CAMPO FIJO DE DESCRIPCIÓN FÍSICA--INFORMACIÓN GENERAL
campo de control de longitud fija t|
008 - DATOS DE LONGITUD FIJA--INFORMACIÓN GENERAL
campo de control de longitud fija 041221s1944 sp ||||1| spa d
100 1# - ENTRADA PRINCIPAL--NOMBRE DE PERSONA
Nombre de persona Kubiena, Walter L.
9 (RLIN) 68938
245 10 - MENCIÓN DEL TÍTULO
Título Ecología y Fisiología vegetal
Resto del título : suelo y formación del suelo desde el punto de vista fisiológico /
Mención de responsabilidad, etc. Walter Kubiena.
260 ## - PUBLICACIÓN, DISTRIBUCIÓN, ETC.
Lugar de publicación, distribución, etc. Madrid :
Nombre del editor, distribuidor, etc. Instituto Español de Edafología, Ecología y Fisiología Vegetal,
Fecha de publicación, distribución, etc. 1944 (
Fabricante Nuevas Gráficas)
300 ## - DESCRIPCIÓN FÍSICA
Extensión 58 p., 6 lám. ;
Dimensiones 24 cm.
500 ## - NOTA GENERAL
Nota general Precede al tít.: Consejo Superior de Investigaciones Científicas. Instituto Español de Edafología, Ecología y Fisiología Vegetal.
710 2# - ENTRADA AGREGADA--NOMBRE DE ENTIDAD CORPORATIVA
Nombre de entidad corporativa o nombre de jurisdicción como elemento de entrada Instituto Español de Edafología, Ecología y Fisiología Vegetal.
9 (RLIN) 143381
852 ## - LOCALIZACIÓN
Ubicación ES-MaACL
Número de control de estantería 1844-F-9
Sublocalización o colección R.20872
Holdings
Estatus retirado Estado de pérdida Estado de daño No para préstamo Colección Biblioteca de origen Biblioteca actual Ubicación en estantería Fecha de adquisición Fuente de adquisición Total de préstamos Signatura topográfica completa Código de barras Visto por última vez Precio de reemplazo Tipo de ítem Koha
        Colección de folletos Biblioteca del Ateneo de Madrid Biblioteca del Ateneo de Madrid Depósito folletos 17/01/2008     1844-F-9 1091334 23/02/2023 23/02/2023 Folleto